Greening leases (Record no. 82073)
[ view plain ]
| 000 -LEADER | |
|---|---|
| fixed length control field | 01335cam a22002415a 4500 |
| 001 - CONTROL NUMBER | |
| control field | L149138 |
| 008 - FIXED-LENGTH DATA ELEMENTS--GENERAL INFORMATION | |
| fixed length control field | 100115s2009 xxk 000 0 eng d |
| 035 ## - SYSTEM CONTROL NUMBER | |
| System control number | (Sirsi) u149138 |
| 041 0# - LANGUAGE CODE | |
| Language code of text/sound track or separate title | eng |
| 100 1# - MAIN ENTRY--PERSONAL NAME | |
| Personal name | Sayce, Sarah |
| 245 00 - TITLE STATEMENT | |
| Title | Greening leases |
| Remainder of title | do tenants in the United Kingdom want green leases? |
| 260 ## - PUBLICATION, DISTRIBUTION, ETC. | |
| Date of publication, distribution, etc. | 2009 |
| 490 #0 - SERIES STATEMENT | |
| Series statement | Journal of Retail and Leisure Property |
| Volume/sequential designation | 8(4) November 2009, 273-284(12) |
| 520 ## - SUMMARY, ETC. | |
| Summary, etc. | Reviews the case for green leases in the UK in the light of research carried out for the Investment Property Forum. Whereas Australia has seen tenant-led moves towards green leases and the green lease has gained momentum in Canada, there is little evidence of widespread adoption of green leases in the UK. The research concludes that the UK market is not ready for the introduction of green leases and advocates that a more dynamic relationship between landlord and tenant is required. Notes. References. |
| 590 ## - LOCAL NOTE (RLIN) | |
| Local note | KA |
| 651 #4 - SUBJECT ADDED ENTRY--GEOGRAPHIC NAME | |
| Geographic name | United Kingdom |
| 690 ## - LOCAL SUBJECT ADDED ENTRY--TOPICAL TERM (OCLC, RLIN) | |
| Topical term or geographic name as entry element | PROPERTY-COMMERCIAL PROPERTY-LEASEHOLD COMMERCIAL PROPERTY-COMMERCIAL LANDLORD AND TENANT-COMMERCIAL LEASES |
| 700 1# - ADDED ENTRY--PERSONAL NAME | |
| Personal name | Sundberg, Anna |
| 700 1# - ADDED ENTRY--PERSONAL NAME | |
| Personal name | Parnell, Philip |
| 700 1# - ADDED ENTRY--PERSONAL NAME | |
| Personal name | Cowling, Eddie |
| 856 48 - ELECTRONIC LOCATION AND ACCESS | |
| Uniform Resource Identifier | <a href="https://www.rics.org/profession-standards/knowledge-and-information-services">https://www.rics.org/profession-standards/knowledge-and-information-services</a> |
| Public note | How to access eJournals |
| 942 ## - ADDED ENTRY ELEMENTS (KOHA) | |
| Suppress in OPAC | 0 |
| Source of classification or shelving scheme | Dewey Decimal Classification |
| Withdrawn status | Lost status | Source of classification or shelving scheme | Damaged status | Not for loan | Home library | Current library | Shelving location | Date acquired | Total Checkouts | Full call number | Barcode | Date last seen | Copy number | Price effective from | Koha item type |
|---|---|---|---|---|---|---|---|---|---|---|---|---|---|---|---|
| Dewey Decimal Classification | London | London | Journals | 15/01/2010 | L149138 | 149138-1001 | 06/08/2019 | 1 | 06/08/2019 | Journal article |